Jusqu'où irez vous ? #15 (Culture Générale) - Statistiques

Statistiques générales
  • Ce quiz a été pris 231 fois
  • Le résultat moyen est 16 sur 50
Statistiques - réponses
Hint Réponse % Correct
Sigle du club de football professionnel actuel de Marseille fondé en 1897 OM
100%
Partie d'un édifice dont le plancher est sensiblement au niveau du sol = _e_-de-chaussée RZ
94%
DO RE MI FA SOL LA _ _ SI
92%
Notion opposée au bien = Le m_ _ AL
91%
Fruit en illustration = _ I _ I
KW
88%
105 en chiffres romains CV
76%
Pronom personnel de la deuxième personne du singulier, en français TU
76%
Entreprise de prêt-à-porter américaine crée en 1968 célèbre pour ses lignes de sous-vêtements et de denim : CALVIN _ _EIN KL
75%
Expression abrégée de l'anglais américain qui désigne l'approbation, l'acceptation, l'accord, l'assentiment, la reconnaissance ou un signe d'indifférence. Son équivalent en français est « d'accord », « correct » (ci-dessous en langue des signes.)
OK
75%
Orifice du rectum qui donne passage aux matières fécales : A _ _S NU
74%
Abrégé d'une forme d'expression artistique, souvent désignée comme le « neuvième art », utilisant une juxtaposition de dessins, articulés en séquences narratives et le plus souvent accompagnés de textes BD
65%
Constructeur automobile haut-de-gamme français, filiale du groupe franco-italo-américain Stellantis depuis sa création en 2021, dont voici le logo : _ _ Automobiles
DS
62%
L'abréviation courante de docteur en deux lettres en français est : _ _ DR
60%
Peinture murale de Léonard de Vinci à la détrempe réalisée de 1495 à 1498 pour le réfectoire du couvent dominicain de Santa Maria delle Grazie à Milan = La _ e _ e
CN
54%
Domaine internet de premier niveau national réservé à la Pologne = ._ _ PL
51%
Titre royal ou impérial porté par les souverains de la Russie (de 1547 à 1917) = _ _ ar TS
51%
Le plus important fleuve italien tant par sa longueur, 652 kilomètres, par son débit maximum que par son bassin hydrographique qui couvre 71 057 km2, soit le quart du territoire national de l'Italie : Le _ _ PO
40%
Symbole qui représente le niobium, l'élément chimique de numéro atomique 41. NB
38%
Ambassadeur philanthrope de la Croix-Rouge chinoise depuis janvier 2006. Il a versé 500 000 yuan (62 500 USD) provenant des revenus gagnés avec son film Le Maître d'armes à la section psychologique de la Croix Rouge : JET _ _
LI
31%
Prisonnier fonctionnaire encadrant les autres prisonniers dans les camps nazis :_ A _ O KP
23%
Sixième roman d'espionnage de l'écrivain britannique Ian Fleming mettant en scène le personnage de James Bond : James Bond contre Dr _ _ NO
21%
Donnez uniquement les Initiales du Prénom composé de : _ ___-_ ___ Camus (1958- ), journaliste et politologue français ;
_ ___-_ ___ Lafesse (1957-2021), humoriste et acteur français ;
_ ___-_ ___ Le Borgne (1950- ), avocat français ;
_ ___-_ ___ Le Drian (1947- ), homme d'État français ;
JY
19%
Claude M'Barali, dit _ _ Solaar MC
19%
Terme souvent utilisé dans l'industrie musicale pour indiquer la participation d'un artiste sur un titre ou l'album de quelqu'un d'autre : _ea_ FT
18%
Emission de télévision française mensuelle, diffusée chaque premier samedi du mois à minuit sur Canal+ depuis 1991, et qui présente l'actualité du cinéma pornographique Journal du _a_d HR
18%
Femelle du sanglier : une la_ _ IE
18%
Argot anglais pour l'éjaculation féminine : _ _ uirt SQ
17%
Abréviation de Messieurs en français : _ _.
MM
11%
Au golf, coup exécuté sur ou très proche du Green en faisant rouler la balle : un pu_ _ TT
9%
Abrégé du mot latin qui signifie contre VS
9%
Blanc créole descendant des premiers colons des antilles françaises : _ _ ké BE
8%
Maladie virale caractérisée par une éruption de vésicules disposées sur le trajet des nerfs sensitifs : _on_ ZA
8%
Le 11eme mois de l’année civile du calendrier hébraïque. Ces deux lettres sont entendu quand on dit « bonjour » ou « salut » en latin ..
Tishri Heshvan Kislev Tevet Shevat Adar Nissan Iyar Sivan Tammouz _ _ Eloul
AV
6%
Un chameau, lorsqu'il pousse un cri, _ _atère BL
6%
Classement du 1er tour des Elections Présidentielles de 2022 = Emmanuel Macron LREMMarine Le Pen RN Jean-Luc Mélenchon LFI Éric Zemmour REC Valérie Pécresse LR Yannick Jadot _ _LV EE
6%
Suite du classement du 1er tour des Elections Présidentielles de 2022 = Jean Lassalle RES Fabien Roussel PCF Nicolas Dupont-Aignan DLF Anne Hidalgo PS Philippe Poutou NPA Nathalie Arthaud _ _ LO
6%
Entreprise française spécialisée dans la production d'équipements pour le vélo installée à Nevers : L _ _k Cycle OO
6%
Le nom du receveur des Postes joué par Kad Merad dans Bienvenue chez les Ch'tis = Philippe _ _rams AB
4%
Film d'animation, d'aventures et d'action français de David Alaux, sorti en 2017 : Les _ _ de la jungle AS
4%
Footballeur international français (8 sélections 2 buts en 1997-1998) : Ibrahim _ _ BA
4%
Jeu de stratégie qui oppose deux adversaires qui placent à tour de rôle des pierres, respectivement noires et blanches, sur les intersections d'un tablier quadrillé appelé goban en japonais = Jeu de _ _ GO
4%
_ _-sur-Tille, commune française (Côte-d'Or) ; _ _-en-Bassigny, commune française (Haute-Marne) ; _ _, ou Ys, ville légendaire bretonne engloutie par les eaux IS
4%
Nom américain du gri-gri africain, Amulette prenant la forme d'un sac de flanelle (ou parfois en autre matière) contenant divers objets magiques ou spirituels : Mo_ _ JO
4%
Le nom du professeur de lettres joué par Robin Williams dans Le Cercle des poètes disparus = John _ea_ing KT
4%
Le nom du chef d'orchestre à l'Opéra de Paris joué par Louis de Funès dans La Grande Vadrouille = Stanislas _ _fort LE
4%
Les 2 lettres prononcées pour désigner le nom de famille de ce joueur international français de rugby à XV qui évoluait au poste d'ailier avec 62 sélections et 14 essais entre 2010 et 2019
UG (Yoann Huget)
4%
Groupe américain de rock, originaire de Sayreville, dans le New Jersey. Son nom provient du leader et chanteur principal, Jon : Bon Jo_ _ VI
4%
Nom vietnamien, signifiant « bambou » et se retrouvant dans certains prénoms vietnamiens : Tr_ _ UC
3%
Et pour finir, complète le nom du capitaine des gardiens du pénitencier d'État de Fox River dans la série TV Prison Break joué par Wade Williams : Brad _ _llick BE
2%
Complète cette suite logique : OM RZ SI AL _ _ KW (ce sont les 5 premières réponses du quiz)
2%
Aucun quiz correspondant
Distribution des résultats
% des personnes avec chaque résultat
Percentile par nombre de réponses
Votre historique - résultats
Vous n’avez pas pris ce quiz